[Event "Junior Online 4NCL Division 5"]
[Site "online"]
[Date "2020.06.04"]
[Round "8.53"]
[White "Webb, Tom"]
[Black "Hatem, Mika"]
[Result "0-1"]
[WhiteElo "1285"]
[BlackElo "1450"]
[PlyCount "52"]
[EventDate "2020.06.04"]
[WhiteTeam "Ojays G"]
[BlackTeam "Hammersmith 2"]

1. e4 e5 2. Nf3 Nc6 3. Bc4 Bc5 4. b4 Bxb4 5. c3 Ba5 6. d4 exd4 7. O-O d6 8.
cxd4 Nf6 9. Nbd2 O-O 10. Re1 Bg4 11. h3 Bh5 12. Nb3 Bxe1 13. Qxe1 Bxf3 14. gxf3
d5 15. Bxd5 Nxd5 16. exd5 Qxd5 17. Be3 Qxf3 18. Rd1 Rfe8 19. Qf1 Rad8 20. d5 a6
21. dxc6 Rxd1 22. Qxd1 Qxd1+ 23. Kg2 bxc6 24. Nc5 Qd5+ 25. Kg3 Rxe3+ 26. fxe3
Qxc5 0-1

[Event "Junior Online 4NCL Division 5"]
[Site "online"]
[Date "2020.06.04"]
[Round "8.54"]
[White "Harb, Laith A"]
[Black "Chen, Yourui"]
[Result "1-0"]
[WhiteElo "1390"]
[BlackElo "1270"]
[PlyCount "71"]
[EventDate "2020.06.04"]
[WhiteTeam "Hammersmith 2"]
[BlackTeam "Ojays G"]

1. d4 d5 2. c4 Nf6 3. Nc3 e6 4. Bg5 Be7 5. e3 O-O 6. Nf3 Nc6 7. cxd5 Nxd5 8.
Bxe7 Ncxe7 9. Nxd5 Nxd5 10. Bd3 c5 11. O-O cxd4 12. Nxd4 e5 13. Nf3 Re8 14. Nd2
Nf6 15. Qc2 Bg4 16. Ne4 Nxe4 17. Bxe4 g6 18. h3 Rc8 19. Qa4 Bd7 20. Qxa7 Bb5
21. Rfd1 Qc7 22. Qxb7 Qxb7 23. Bxb7 Rc2 24. b3 Rb8 25. Be4 Rb2 26. Rd5 f5 27.
Bf3 e4 28. Bd1 Bc6 29. Rd6 Rc8 30. Rc1 Bd7 31. Rxc8+ Bxc8 32. Rd8+ Kg7 33. Rxc8
Rb1 34. Rd8 Kf7 35. g3 Ke7 36. Rd4 1-0

[Event "Junior Online 4NCL Division 5"]
[Site "online"]
[Date "2020.06.04"]
[Round "8.55"]
[White "Patel, Zain"]
[Black "Deeke, James"]
[Result "1-0"]
[WhiteElo "1472"]
[BlackElo "1360"]
[PlyCount "173"]
[EventDate "2020.06.04"]
[WhiteTeam "Hammersmith 2"]
[BlackTeam "Ojays G"]

1. e4 e5 2. Nf3 Nc6 3. Bc4 Nf6 4. Ng5 d5 5. exd5 Na5 6. Bb5+ c6 7. dxc6 bxc6 8.
Qf3 Bb7 9. Ba4 h6 10. Ne4 Nxe4 11. Qxe4 Qc7 12. b4 Bd6 13. bxa5 O-O 14. O-O
Qxa5 15. Bxc6 Bxc6 16. Qxc6 Qc7 17. Qxc7 Bxc7 18. Nc3 Rfe8 19. Nd5 Rac8 20. Ba3
Bd8 21. Rfe1 Rxc2 22. d4 Rd2 23. Red1 Rxd4 24. Rxd4 exd4 25. Rd1 Kh8 26. h3 Re2
27. Rxd4 Rxa2 28. Be7 Bb6 29. Nxb6 axb6 30. Rb4 Re2 31. Bd8 Re8 32. Bxb6 Rb8
33. Bc5 Rc8 34. Rc4 Kh7 35. Kf1 Kg6 36. Ke2 Kf5 37. Rc3 Ke6 38. Ke3 Kd5 39.
Rd3+ Kc4 40. Bd4 Rd8 41. Rc3+ Kb4 42. Bxg7 Re8+ 43. Kd2 Rd8+ 44. Rd3 Rg8 45.
Bxh6 Rxg2 46. Be3 Rh2 47. Ke2 Rxh3 48. Bd2+ Kc4 49. Rxh3 Kd4 50. Rf3 Ke4 51.
Rxf7 Kd4 52. Bc3+ Ke4 53. Bd4 Kxd4 54. f4 Ke4 55. Re7+ Kxf4 56. Ra7 Ke4 57. Ra3
Kd4 58. Rh3 Ke4 59. Rh4+ Kd5 60. Rg4 Ke5 61. Ke3 Kd5 62. Rh4 Kc5 63. Kd3 Kb5
64. Kc3 Ka5 65. Kb3 Kb5 66. Rh5+ Kc6 67. Kc4 Kd6 68. Ra5 Ke6 69. Kd4 Kf6 70.
Ke4 Kg6 71. Kf4 Kh6 72. Kg4 Kg6 73. Ra6+ Kf7 74. Kf5 Ke7 75. Rh6 Kd7 76. Ke5
Kc7 77. Kd5 Kb7 78. Kc5 Ka7 79. Kb5 Kb7 80. Rh7+ Kc8 81. Kc6 Kd8 82. Ra7 Ke8
83. Kd6 Kf8 84. Ke6 Kg8 85. Kf6 Kh8 86. Kg6 Kg8 87. Ra8# 1-0

[Event "Junior Online 4NCL Division 5"]
[Site "online"]
[Date "2020.06.04"]
[Round "8.56"]
[White "Liu, Franklin"]
[Black "Ward, Cian"]
[Result "0-1"]
[WhiteElo "1300"]
[BlackElo "1465"]
[PlyCount "96"]
[EventDate "2020.06.04"]
[WhiteTeam "Ojays G"]
[BlackTeam "Hammersmith 2"]

1. e4 e5 2. Nf3 Nc6 3. Bc4 Bc5 4. Nc3 Nf6 5. d3 d6 6. Bg5 Be6 7. Bxe6 fxe6 8.
Be3 Bb6 9. Bxb6 axb6 10. O-O O-O 11. Qd2 Nd4 12. Nxd4 exd4 13. Ne2 e5 14. c3
dxc3 15. Nxc3 Qd7 16. a3 d5 17. exd5 Nxd5 18. Nxd5 Qxd5 19. Rfe1 Rad8 20. Rad1
c5 21. Qc2 Qd4 22. Qc4+ Qxc4 23. dxc4 Rxd1 24. Rxd1 Rf7 25. Re1 Re7 26. f4 e4
27. Kf2 Kf7 28. Kg3 Kf6 29. b3 Kf5 30. a4 Rd7 31. Re3 Rd3 32. Kf2 Kxf4 33. g3+
Ke5 34. Rxd3 exd3 35. Ke3 d2 36. Kxd2 Kd4 37. Kc2 Ke3 38. Kd1 Kf2 39. Kd2 Kg2
40. Ke3 Kxh2 41. Kf4 Kh3 42. Kf5 Kxg3 43. Ke6 h5 44. Kf7 g5 45. Kg6 h4 46. Kxg5
h3 47. Kf6 h2 48. Ke6 h1=Q 0-1

[Event "Junior Online 4NCL Division 5"]
[Site "online"]
[Date "2020.06.04"]
[Round "8.57"]
[White "Hatem, Mika"]
[Black "Webb, Tom"]
[Result "1-0"]
[WhiteElo "1450"]
[BlackElo "1285"]
[PlyCount "135"]
[EventDate "2020.06.04"]
[WhiteTeam "Hammersmith 2"]
[BlackTeam "Ojays G"]

1. e4 e5 2. Nf3 Nc6 3. d4 exd4 4. Nxd4 Nxd4 5. Qxd4 Nf6 6. e5 Nh5 7. g4 Nf6 8.
exf6 Qxf6 9. Qxf6 gxf6 10. Be3 d5 11. Nc3 c6 12. O-O-O Bxg4 13. Rd4 Bf3 14. Rg1
Bc5 15. Rf4 Bxe3+ 16. fxe3 Bh5 17. Rxf6 Bg6 18. Bh3 Ke7 19. Rff1 Rae8 20. Bf5
Bxf5 21. Rxf5 Ke6 22. Rgf1 Rhf8 23. Rf6+ Ke7 24. Rh6 Rh8 25. e4 d4 26. Ne2 c5
27. c3 d3 28. Nf4 c4 29. Nd5+ Kd7 30. Nf6+ Ke7 31. Nxe8 Rxe8 32. Kd2 Rd8 33.
Rxh7 Rf8 34. Ke3 b5 35. b3 Rd8 36. Rhxf7+ Ke6 37. R1f6+ Ke5 38. h4 d2 39. Rf5+
Ke6 40. R7f6+ Ke7 41. Rf1 d1=Q 42. Rxd1 Rxd1 43. Rf5 a6 44. bxc4 bxc4 45. h5
Rh1 46. Kd4 Rh4 47. Re5+ Kf6 48. Rf5+ Ke6 49. Re5+ Kf6 50. Rf5+ Ke6 51. Ra5 Kf6
52. Rxa6+ Kg5 53. Ra5+ Kg4 54. Kxc4 Rxh5 55. Rxh5 Kxh5 56. a4 Kg6 57. a5 Kf7
58. a6 Ke6 59. a7 Ke5 60. a8=Q Kd6 61. Qb7 Ke6 62. Qd5+ Kf6 63. Qf5+ Ke7 64.
Kd5 Kd8 65. Kc6 Ke8 66. Qh7 Kf8 67. Kd6 Ke8 68. Qe7# 1-0

[Event "Junior Online 4NCL Division 5"]
[Site "online"]
[Date "2020.06.04"]
[Round "8.61"]
[White "Li, Reya"]
[Black "Salussolia, Louis"]
[Result "1-0"]
[WhiteElo "1427"]
[BlackElo "1442"]
[PlyCount "113"]
[EventDate "2020.06.04"]
[WhiteTeam "Ojays F"]
[BlackTeam "May the Fork Be With You 1"]

1. e4 e6 2. d4 d5 3. e5 c5 4. c3 Nc6 5. Nf3 Qb6 6. Qb3 Bd7 7. Be3 cxd4 8. Nxd4
Nxe5 9. Qxb6 axb6 10. Nd2 Bc5 11. b4 Bxd4 12. Bxd4 Nc6 13. Bxg7 f6 14. Bxh8 Kf7
15. Be2 Kg6 16. Bd3+ Kf7 17. Bxh7 Nh6 18. Bxf6 Kxf6 19. Bc2 Rg8 20. g3 Rg5 21.
f4 Rh5 22. g4 Nxg4 23. Nf3 Ne3 24. Bd3 Ng2+ 25. Kf2 Nxf4 26. Bc2 Nh3+ 27. Kg3
e5 28. Rhf1 Rf5 29. Bxf5 Bxf5 30. Nh4 Ne7 31. Nxf5 Nxf5+ 32. Kxh3 Kg5 33. Rg1+
Kf4 34. Raf1+ Ke4 35. Rg4+ Kd3 36. Rxf5 e4 37. Rxd5+ Ke3 38. Re5 Kd2 39. Rgxe4
Kxc3 40. Kg3 Kb2 41. h4 Kxa2 42. h5 Ka3 43. h6 Ka4 44. h7 b5 45. h8=Q b6 46.
Qa8+ Kb3 47. Qh8 Ka4 48. Qh3 Kb3 49. Kg2+ Ka4 50. Qe6 Ka3 51. Qxb6 Ka4 52. Qa5+
Kb3 53. Re3+ Kc4 54. R5e4+ Kd5 55. Qxb5+ Kd6 56. Qc4 Kd7 57. Rd3# 1-0

[Event "Junior Online 4NCL Division 5"]
[Site "online"]
[Date "2020.06.04"]
[Round "8.62"]
[White "Shah, Rahul"]
[Black "Genc, Guven"]
[Result "1-0"]
[WhiteElo "1360"]
[BlackElo "1397"]
[PlyCount "107"]
[EventDate "2020.06.04"]
[WhiteTeam "May the Fork Be With You 1"]
[BlackTeam "Ojays F"]

1. d4 d5 2. c4 c6 3. Nf3 Nf6 4. Nc3 Bf5 5. cxd5 cxd5 6. Qb3 b6 7. Bg5 Ne4 8.
Qb5+ Qd7 9. Qxd5 Qxd5 10. Nxd5 Bg4 11. Nc7+ Kd7 12. Nxa8 Bxf3 13. exf3 Nxg5 14.
Nxb6+ axb6 15. Bb5+ Kc7 16. Rc1+ Kb7 17. O-O e6 18. Rfe1 Bb4 19. Re2 f5 20.
Rec2 Na6 21. Bxa6+ Kxa6 22. a3 Bd6 23. Rc6 Nf7 24. b4 e5 25. d5 Bb8 26. a4 Nd8
27. Rc8 Bd6 28. R1c6 Nxc6 29. Rxh8 Nxb4 30. Rxh7 Nxd5 31. Rxg7 Ka5 32. h4 Kxa4
33. h5 b5 34. h6 Nf6 35. h7 Nxh7 36. Rxh7 b4 37. Rb7 b3 38. Kf1 Ka3 39. Ke1 Ka2
40. Kd1 b2 41. Kc2 Ba3 42. g4 fxg4 43. fxg4 Ka1 44. g5 b1=Q+ 45. Rxb1+ Ka2 46.
g6 Bf8 47. Rg1 Bg7 48. Rh1 e4 49. Rh7 Bf6 50. g7 Bxg7 51. Rxg7 Ka1 52. Re7 Ka2
53. Rxe4 Ka1 54. Ra4# 1-0

[Event "Junior Online 4NCL Division 5"]
[Site "online"]
[Date "2020.06.04"]
[Round "8.63"]
[White "McAndrew, Rory"]
[Black "Barbier-Ramaiah, Riya Aude"]
[Result "0-1"]
[WhiteElo "1397"]
[BlackElo "1337"]
[PlyCount "128"]
[EventDate "2020.06.04"]
[WhiteTeam "Ojays F"]
[BlackTeam "May the Fork Be With You 1"]

1. e4 c6 2. d4 d5 3. e5 Bf5 4. Nf3 e6 5. Nc3 h6 6. Bf4 Ne7 7. Bd3 Bxd3 8. Qxd3
Nd7 9. Na4 Qa5+ 10. Nc3 c5 11. O-O cxd4 12. Nxd4 Nc6 13. Ndb5 Ndxe5 14. Qe2 a6
15. Bxe5 Nxe5 16. Qxe5 axb5 17. Qe2 Bd6 18. Nxb5 Be7 19. Nc3 O-O 20. Qg4 Bf6
21. Ne2 b5 22. Nf4 Bxb2 23. Rad1 Qxa2 24. Nh5 Qc4 25. Qg3 Qc3 26. Rd3 Qe5 27.
Qg4 Qf5 28. Qxf5 exf5 29. Rxd5 g6 30. Ng3 Rab8 31. h3 Rfe8 32. Rb1 Bg7 33.
Rdxb5 Rxb5 34. Rxb5 Rc8 35. Rb2 Bxb2 36. Ne2 Rxc2 37. Ng3 Rc1+ 38. Kh2 Be5 39.
h4 Bxg3+ 40. Kxg3 Rc4 41. f4 Re4 42. Kf3 Kg7 43. g4 h5 44. g5 f6 45. gxf6+ Kxf6
46. Kg3 Re3+ 47. Kf2 Ra3 48. Kg2 Ke6 49. Kf2 Kd5 50. Ke2 Ke4 51. Kd2 Kxf4 52.
Ke2 Kg4 53. Kf2 Kxh4 54. Kg2 f4 55. Kf2 g5 56. Kg2 g4 57. Kf2 g3+ 58. Kg2 f3+
59. Kf1 g2+ 60. Kg1 Kh3 61. Kf2 Kh2 62. Ke1 g1=Q+ 63. Kd2 Qg2+ 64. Kc1 Ra1# 0-1

[Event "Junior Online 4NCL Division 5"]
[Site "online"]
[Date "2020.06.04"]
[Round "8.64"]
[White "Walia, Michael Kanishk"]
[Black "McAndrew, Max"]
[Result "1-0"]
[WhiteElo "1330"]
[BlackElo "1390"]
[PlyCount "29"]
[EventDate "2020.06.04"]
[WhiteTeam "May the Fork Be With You 1"]
[BlackTeam "Ojays F"]

1. e4 e5 2. Nf3 Nc6 3. d4 exd4 4. Nxd4 Nxd4 5. Qxd4 b6 6. Bc4 Nf6 7. e5 Nh5 8.
Qd5 Qe7 9. Qxa8 Qxe5+ 10. Be3 Qxb2 11. Qxc8+ Ke7 12. O-O Qxa1 13. Re1 Kf6 14.
Qd8+ Kg6 15. Qg5# 1-0

[Event "Junior Online 4NCL Division 5"]
[Site "online"]
[Date "2020.06.04"]
[Round "8.65"]
[White "Salussolia, Louis"]
[Black "Li, Reya"]
[Result "0-1"]
[WhiteElo "1442"]
[BlackElo "1427"]
[PlyCount "156"]
[EventDate "2020.06.04"]
[WhiteTeam "May the Fork Be With You 1"]
[BlackTeam "Ojays F"]

1. e4 e5 2. Nf3 Nc6 3. d4 exd4 4. Nxd4 Bc5 5. Be3 Ke7 6. Nxc6+ dxc6 7. Qxd8+
Kxd8 8. Bxc5 Nf6 9. Nc3 b6 10. Be3 Be6 11. O-O-O+ Ke7 12. Ba6 b5 13. a4 Rhb8
14. axb5 cxb5 15. Bxb5 Nxe4 16. Nxe4 Rxb5 17. Bc5+ Ke8 18. Ng5 Rxc5 19. Nxe6
fxe6 20. Rhe1 Ke7 21. Rd3 Rf8 22. f3 Rg5 23. g3 c6 24. f4 Rd5 25. Ree3 Rxd3 26.
Rxd3 Rf5 27. h4 e5 28. Re3 Kf6 29. fxe5+ Rxe5 30. Rf3+ Rf5 31. Rc3 c5 32. g4
Rd5 33. Rf3+ Ke6 34. Re3+ Re5 35. Rg3 a5 36. g5 Re4 37. Kd2 Rxh4 38. Ra3 Rh2+
39. Kc1 Rh5 40. Rxa5 Rxg5 41. Ra6+ Kd5 42. Ra4 h5 43. Rh4 g6 44. c4+ Ke5 45.
Kc2 Rg4 46. Rh3 Rxc4+ 47. Kb3 Rb4+ 48. Ka3 h4 49. Re3+ Re4 50. Rh3 Kf4 51.
Rxh4+ Kf5 52. Rh6 g5 53. Rc6 Re5 54. Rc8 g4 55. Rg8 Kf4 56. Rf8+ Rf5 57. Rg8 g3
58. Kb3 Rg5 59. Ra8 g2 60. Ra4+ Kf3 61. Ra1 g1=Q 62. Rxg1 Rxg1 63. Kc4 Rg2 64.
b3 Rb2 65. Kc3 Re2 66. Kc4 Re5 67. Kc3 Ke3 68. Kc4 Kd2 69. b4 cxb4 70. Kxb4 Kd3
71. Ka4 Rc5 72. Kb4 Rc1 73. Kb3 Ra1 74. Kb2 Ra8 75. Kb3 Rb8+ 76. Ka2 Kc3 77.
Ka1 Kc2 78. Ka2 Ra8# 0-1

[Event "Junior Online 4NCL Division 5"]
[Site "online"]
[Date "2020.06.04"]
[Round "8.66"]
[White "Genc, Guven"]
[Black "Shah, Rahul"]
[Result "0-1"]
[WhiteElo "1397"]
[BlackElo "1360"]
[PlyCount "78"]
[EventDate "2020.06.04"]
[WhiteTeam "Ojays F"]
[BlackTeam "May the Fork Be With You 1"]

1. e4 c5 2. Nf3 d6 3. d4 cxd4 4. Nxd4 Nf6 5. Nc3 g6 6. Bb5+ Bd7 7. Bc4 Bg7 8.
O-O O-O 9. Bg5 Nc6 10. Nxc6 Bxc6 11. Re1 Rc8 12. f4 Qb6+ 13. Kh1 Qxb2 14. Na4
Bxa4 15. Bd3 Bxc2 16. Qd2 Qc3 17. Qxc3 Rxc3 18. Bb5 Bxe4 19. Bxf6 Bxg2+ 20.
Kxg2 Bxf6 21. a4 Rc2+ 22. Kf3 Bxa1 23. Rxe7 Rxh2 24. Rxb7 Rc8 25. Rxa7 Rc3+ 26.
Ke4 f5+ 27. Kd5 Rd2+ 28. Ke6 Re3+ 29. Kd7 Bf6 30. Bc4+ Kg7 31. Kc6+ Kh6 32. Bg8
Rc3+ 33. Kb6 Bd4+ 34. Ka6 Bxa7 35. Kxa7 Ra3 36. Be6 Rxa4+ 37. Kb8 Rc2 38. Bb3
Rb4+ 39. Ka8 Rxb3 0-1

[Event "Junior Online 4NCL Division 5"]
[Site "online"]
[Date "2020.06.04"]
[Round "8.67"]
[White "Barbier-Ramaiah, Riya Aude"]
[Black "McAndrew, Rory"]
[Result "0-1"]
[WhiteElo "1337"]
[BlackElo "1397"]
[PlyCount "24"]
[EventDate "2020.06.04"]
[WhiteTeam "May the Fork Be With You 1"]
[BlackTeam "Ojays F"]

1. e4 e5 2. Nf3 Nc6 3. d4 exd4 4. Nxd4 Ne5 5. Nf3 Nc6 6. Nc3 Bc5 7. Bc4 Nf6 8.
O-O Ng4 9. h3 h5 10. hxg4 hxg4 11. Nh2 Qh4 12. Nxg4 Qh1# 0-1

[Event "Junior Online 4NCL Division 5"]
[Site "online"]
[Date "2020.06.04"]
[Round "8.68"]
[White "McAndrew, Max"]
[Black "Walia, Michael Kanishk"]
[Result "0-1"]
[WhiteElo "1390"]
[BlackElo "1330"]
[PlyCount "138"]
[EventDate "2020.06.04"]
[WhiteTeam "Ojays F"]
[BlackTeam "May the Fork Be With You 1"]

1. e4 e6 2. d4 d5 3. e5 c5 4. Nf3 Nc6 5. Be3 Qb6 6. b3 cxd4 7. Bxd4 Nxd4 8.
Nxd4 Bb4+ 9. Ke2 Bd7 10. c3 Bc5 11. b4 Bxd4 12. Qxd4 Qxd4 13. cxd4 Rc8 14. Na3
Ne7 15. Ke1 Rc3 16. Nb1 Rc1+ 17. Kd2 Rc8 18. Na3 a6 19. Bd3 O-O 20. f4 Nc6 21.
Nc2 Ne7 22. Rhc1 Ng6 23. g3 Ba4 24. Ne3 Ne7 25. Rab1 Nc6 26. b5 axb5 27. Bxb5
Bxb5 28. Rxb5 Nxd4 29. Rxb7 Nf3+ 30. Kd1 h6 31. a4 Rxc1+ 32. Kxc1 Ra8 33. Rb4
d4 34. Nf1 d3 35. Rb3 Rxa4 36. Rxd3 Ra1+ 37. Kc2 Rxf1 38. Rd8+ Kh7 39. Rd7 Rf2+
40. Kd1 Rxh2 41. Rxf7 Kg6 42. Re7 Rd2+ 43. Kc1 Rg2 44. Rxe6+ Kh7 45. Ra6 Nxe5
46. Ra3 Nc4 47. Rb3 Rg1+ 48. Kc2 Na5 49. Ra3 Nc4 50. Rc3 Nd6 51. Rd3 Nf5 52.
Rf3 Nd4+ 53. Kd3 Nxf3 54. Ke3 Rxg3 55. Kf2 Rh3 56. Kg2 Rh5 57. Kxf3 Ra5 58. Kg4
h5+ 59. Kh4 Ra4 60. Kg5 g6 61. Kh4 Rxf4+ 62. Kg5 Rg4+ 63. Kf6 h4 64. Ke5 h3 65.
Kd5 h2 66. Kc5 h1=Q 67. Kb5 Qc1 68. Ka6 Qb2 69. Ka7 Ra4# 0-1

[Event "Junior Online 4NCL Division 5"]
[Site "online"]
[Date "2020.06.04"]
[Round "8.71"]
[White "Vora, Ravi"]
[Black "Shahameeran, Ashika"]
[Result "0-1"]
[WhiteElo "1150"]
[BlackElo "1319"]
[PlyCount "88"]
[EventDate "2020.06.04"]
[WhiteTeam "Warwickshire Bears F"]
[BlackTeam "St John's College B"]

1. e4 e5 2. Bc4 Nf6 3. Nc3 Be7 4. Nf3 Nc6 5. O-O O-O 6. d3 d6 7. h3 Nd4 8. Nxd4
exd4 9. Ne2 c5 10. Nf4 b6 11. Nd5 Bb7 12. Nxe7+ Qxe7 13. Re1 Rae8 14. f3 Qd7
15. Bg5 Qe7 16. Bb5 Rc8 17. Re2 a6 18. Bc4 b5 19. Bd5 Bxd5 20. exd5 Qd8 21. Qd2
h6 22. Bh4 c4 23. Rae1 c3 24. bxc3 dxc3 25. Qc1 Rc5 26. Qa1 b4 27. a3 bxa3 28.
Qxa3 Rxd5 29. Qxc3 Rh5 30. Bf2 Rb5 31. Bd4 Nd5 32. Qc6 Kh7 33. Qxa6 Ra5 34. Qc4
Nf4 35. Re4 Qg5 36. Rxf4 Qxf4 37. Qb4 Rfa8 38. Re4 Qg5 39. Rg4 Qc1+ 40. Kh2 Rg5
41. Rxg5 Qxg5 42. Qxd6 Qg6 43. Qd5 Re8 44. Bb6 Re2 0-1

[Event "Junior Online 4NCL Division 5"]
[Site "online"]
[Date "2020.06.04"]
[Round "8.72"]
[White "Lee, Krishna"]
[Black "Howett, Alex"]
[Result "1-0"]
[WhiteElo "1148"]
[BlackElo "1142"]
[PlyCount "74"]
[EventDate "2020.06.04"]
[WhiteTeam "St John's College B"]
[BlackTeam "Warwickshire Bears F"]

1. e4 e5 2. Nf3 Nc6 3. Bb5 d6 4. O-O Bd7 5. a3 Nf6 6. Nc3 g6 7. h3 a6 8. Ba4
Bg7 9. d3 Qe7 10. d4 O-O 11. d5 Na7 12. Bxd7 Qxd7 13. Re1 Rfe8 14. Bg5 Nb5 15.
Nxb5 axb5 16. b3 h6 17. Bh4 Qe7 18. a4 g5 19. Bg3 b4 20. Qd2 c5 21. dxc6 bxc6
22. Qxb4 c5 23. Qd2 Red8 24. c4 h5 25. Nxg5 Bh6 26. Bh4 Kh8 27. Nxf7+ Qxf7 28.
Qxh6+ Nh7 29. Bxd8 Rxd8 30. Red1 Rg8 31. Rxd6 Rf8 32. Rf1 Kg8 33. Rg6+ Kh8 34.
Qxh5 Rg8 35. Rxg8+ Qxg8 36. Qxe5+ Qg7 37. Qxg7+ Kxg7 1-0

[Event "Junior Online 4NCL Division 5"]
[Site "online"]
[Date "2020.06.04"]
[Round "8.73"]
[White "Johal, Amraya K"]
[Black "Sequeira, Robert"]
[Result "0-1"]
[WhiteElo "1075"]
[BlackElo "1074"]
[PlyCount "146"]
[EventDate "2020.06.04"]
[WhiteTeam "Warwickshire Bears F"]
[BlackTeam "St John's College B"]

1. e4 e5 2. Nc3 Nf6 3. Nf3 Nc6 4. Bb5 a6 5. Bxc6 bxc6 6. Nxe5 Bd6 7. Nf3 Be7 8.
O-O O-O 9. Nh4 d5 10. d3 d4 11. Na4 Bb7 12. Qf3 Qd6 13. Bf4 Qd7 14. Qg3 Nh5 15.
Qf3 Nxf4 16. Qxf4 Bd6 17. Qf3 c5 18. b3 Bc6 19. Nb2 Be7 20. Nf5 Bf6 21. Nc4 Bb5
22. Qg3 g6 23. Ne5 Bxe5 24. Nh6+ Kg7 25. Qxe5+ Kxh6 26. Qxc5 Kg7 27. a4 Bc6 28.
c3 dxc3 29. Qxc3+ Kg8 30. Rac1 Bb7 31. Qc4 c6 32. Rfd1 Rad8 33. Rc3 Rfe8 34. h3
h5 35. h4 Rc8 36. b4 Qe7 37. a5 Qxh4 38. g3 Qg4 39. Rd2 Qg5 40. Rd1 Qf6 41. Rd2
h4 42. gxh4 Qxh4 43. Rd1 Qg4+ 44. Kf1 Qxd1+ 45. Kg2 Qg4+ 46. Kf1 Qg5 47. Rc2
Qf6 48. Rc3 Kg7 49. Rc2 Rh8 50. Ke2 Rh2 51. Kd1 Rh1+ 52. Kd2 Qxf2+ 53. Kc3 Qf6+
54. Kb3 Rb1+ 55. Ka4 Qa1+ 56. Qa2 Qxa2+ 57. Rxa2 Rd1 58. Ra3 Rd8 59. e5 R8xd3
60. Rxd3 Rxd3 61. e6 fxe6 62. b5 axb5+ 63. Kb4 Rd4+ 64. Kc5 Rd5+ 65. Kb6 Bc8
66. a6 Bxa6 67. Kxa6 b4 68. Kb6 b3 69. Kxc6 b2 70. Kc7 b1=Q 71. Kc6 Qc2+ 72.
Kb6 Rd1 73. Kb7 Rb1+ 0-1

[Event "Junior Online 4NCL Division 5"]
[Site "online"]
[Date "2020.06.04"]
[Round "8.74"]
[White "Doddi, Sammy"]
[Black "Pal, Rhea"]
[Result "1-0"]
[WhiteElo "1070"]
[BlackElo "985"]
[PlyCount "143"]
[EventDate "2020.06.04"]
[WhiteTeam "St John's College B"]
[BlackTeam "Warwickshire Bears F"]

1. d4 d5 2. Nf3 Nf6 3. Nc3 Nc6 4. h3 Bf5 5. Bg5 h6 6. Bxf6 gxf6 7. e3 e5 8. Be2
Qd7 9. Qd2 O-O-O 10. O-O-O Bb4 11. a3 Ba5 12. Nh2 exd4 13. exd4 Rhe8 14. Bb5 a6
15. Bd3 Nxd4 16. b4 Bb6 17. Bxf5 Qxf5 18. Ng4 h5 19. Ne3 Qg5 20. h4 Qh6 21.
Nexd5 Qxd2+ 22. Rxd2 Nf5 23. Nxf6 Re6 24. Nxh5 Rxd2 25. Kxd2 Bxf2 26. Rf1 Be3+
27. Kd1 Rd6+ 28. Ke1 Bd2+ 29. Ke2 Nh6 30. Ne4 Re6 31. Rd1 Rxe4+ 32. Kxd2 Rd4+
33. Ke2 Rxh4 34. Nf6 Rh2 35. Rg1 Nf5 36. Ng4 Nd4+ 37. Kd3 Nf5 38. Nxh2 f6 39.
Re1 Kd7 40. Rf1 Ke6 41. Ng4 b6 42. Re1+ Kd5 43. Ne3+ Ke5 44. Nxf5+ Kxf5 45. Re7
c5 46. bxc5 bxc5 47. Rc7 a5 48. Rxc5+ Kf4 49. Rxa5 Kg3 50. Ra6 f5 51. Rg6+ Kf2
52. Rf6 f4 53. Rxf4+ Kxg2 54. Rf8 Kg3 55. Ra8 Kg4 56. Ra5 Kf4 57. Kc4 Ke4 58.
Kc5 Ke5 59. Kc6+ Ke6 60. Kc7 Ke7 61. Kc8 Ke8 62. Ra7 Kf8 63. Kd7 Kf7 64. Kd6+
Kf6 65. c4 Kg5 66. c5 Kf6 67. c6 Kf5 68. c7 Kf6 69. c8=Q Kg6 70. Qf8 Kg5 71.
Rg7+ Kh5 72. Qh8# 1-0

[Event "Junior Online 4NCL Division 5"]
[Site "online"]
[Date "2020.06.04"]
[Round "8.75"]
[White "Shahameeran, Ashika"]
[Black "Vora, Ravi"]
[Result "1-0"]
[WhiteElo "1319"]
[BlackElo "1150"]
[PlyCount "135"]
[EventDate "2020.06.04"]
[WhiteTeam "St John's College B"]
[BlackTeam "Warwickshire Bears F"]

1. e4 e5 2. Nf3 Nc6 3. Nc3 Nf6 4. d4 exd4 5. Nxd4 Nxd4 6. Qxd4 d6 7. Be2 Be7 8.
O-O O-O 9. Nd5 Nxd5 10. exd5 Qe8 11. Qc3 Qd7 12. Be3 Bf6 13. Bd4 Bxd4 14. Qxd4
Re8 15. Rfe1 Qf5 16. Bd3 Rxe1+ 17. Rxe1 Qd7 18. Qe4 g6 19. Qe8+ Qxe8 20. Rxe8+
Kg7 21. Bb5 b6 22. Bc6 Rb8 23. Bd7 Bxd7 24. Rxb8 Bf5 25. Rb7 Bxc2 26. Rxc7 Be4
27. Rxa7 Bxd5 28. a4 Bc4 29. Rb7 d5 30. Rxb6 d4 31. Rb4 Bd5 32. Rxd4 Bc6 33. a5
Bb5 34. Rb4 Bd3 35. Ra4 Ba6 36. b4 f5 37. Ra3 Kf7 38. Rb3 Bb5 39. f4 Ke7 40.
Kf2 Kd7 41. Ke3 Kd6 42. Kd4 Ba4 43. Ra3 Bb5 44. a6 Bc6 45. a7 Ba8 46. Kc4 Kc6
47. b5+ Kb7 48. Kd5 Kb6+ 49. Ke6 Kxb5 50. Kf7 Kb6 51. Kg7 h5 52. Kxg6 h4 53.
Kg5 Kb7 54. Kxh4 Kb6 55. Kg5 Kb7 56. h4 Kb6 57. h5 Kb7 58. Kg6 Kc7 59. h6 Kd7
60. Kg7 Ke6 61. h7 Kd5 62. h8=Q Bb7 63. Qd8+ Kc6 64. Rc3+ Kb5 65. Qb8 Kb6 66.
Rb3+ Ka6 67. Qxb7+ Ka5 68. Ra3# 1-0

[Event "Junior Online 4NCL Division 5"]
[Site "online"]
[Date "2020.06.04"]
[Round "8.76"]
[White "Howett, Alex"]
[Black "Lee, Krishna"]
[Result "0-1"]
[WhiteElo "1142"]
[BlackElo "1148"]
[PlyCount "68"]
[EventDate "2020.06.04"]
[WhiteTeam "Warwickshire Bears F"]
[BlackTeam "St John's College B"]

1. e4 e5 2. Nf3 Nc6 3. Nc3 Nf6 4. Bc4 Bb4 5. d3 O-O 6. Bd2 d6 7. a3 Ba5 8. b4
Bb6 9. a4 a6 10. a5 Ba7 11. O-O h6 12. Na4 Bg4 13. h3 Bh5 14. Nb2 Bd4 15. Rb1
d5 16. Bb3 dxe4 17. dxe4 Nxe4 18. c3 Nxd2 19. Qxd2 Ba7 20. Qe2 Re8 21. Rbd1 Qf6
22. Rd7 Rac8 23. Nc4 e4 24. Bc2 exf3 25. gxf3 Rxe2 26. Bd3 Bxf2+ 27. Rxf2 Qg5+
28. Kf1 Rxf2+ 29. Kxf2 Rd8 30. Rxc7 Rxd3 31. Rc8+ Kh7 32. Re8 Rxf3+ 33. Ke2
Qg2+ 34. Kd1 Rf1# 0-1

[Event "Junior Online 4NCL Division 5"]
[Site "online"]
[Date "2020.06.04"]
[Round "8.77"]
[White "Sequeira, Robert"]
[Black "Johal, Amraya K"]
[Result "1-0"]
[WhiteElo "1074"]
[BlackElo "1075"]
[PlyCount "77"]
[EventDate "2020.06.04"]
[WhiteTeam "St John's College B"]
[BlackTeam "Warwickshire Bears F"]

1. e4 e5 2. Nf3 Nc6 3. Nc3 Nf6 4. d4 d6 5. d5 Nb4 6. a3 Na6 7. Bd3 Bg4 8. h3
Bxf3 9. Qxf3 Qd7 10. O-O h6 11. Bb5 c6 12. dxc6 bxc6 13. Bxa6 d5 14. exd5 cxd5
15. Bb5 e4 16. Bxd7+ Kxd7 17. Qf5+ Kd6 18. Bf4+ Kc5 19. Be3+ Kd6 20. Nb5+ Ke7
21. Bc5+ Kd8 22. Bxf8 Rxf8 23. Qe5 Rc8 24. Rfd1 Re8 25. Qd6+ Nd7 26. Rxd5 Re7
27. Qb4 Rxc2 28. Qa5+ Ke8 29. Qxa7 Rc8 30. Rad1 Rd8 31. Nc7+ Kf8 32. Nb5 Ke8
33. R5d2 f6 34. Qa4 Kf8 35. Qb4 Kf7 36. Nd6+ Kf8 37. Nb7 Rb8 38. Rxd7 Ke8 39.
Qxe7# 1-0

[Event "Junior Online 4NCL Division 5"]
[Site "online"]
[Date "2020.06.04"]
[Round "8.78"]
[White "Pal, Rhea"]
[Black "Doddi, Sammy"]
[Result "0-1"]
[WhiteElo "985"]
[BlackElo "1070"]
[PlyCount "54"]
[EventDate "2020.06.04"]
[WhiteTeam "Warwickshire Bears F"]
[BlackTeam "St John's College B"]

1. e4 c6 2. Nf3 d5 3. Nc3 Nf6 4. Be2 Nbd7 5. O-O e5 6. d4 Bd6 7. dxe5 Nxe5 8.
Nxe5 Bxe5 9. Bg5 O-O 10. Qd2 h6 11. Bh4 Qd7 12. Bxf6 Bxf6 13. Rad1 d4 14. Na4
Qc7 15. c3 dxc3 16. bxc3 Be6 17. a3 Rfd8 18. Qc2 Rxd1 19. Rxd1 Be5 20. h3 Bh2+
21. Kh1 Be5 22. Nc5 Bd6 23. Nxe6 fxe6 24. a4 Be7 25. Bc4 Qe5 26. Rd7 Bd6 27.
Rxb7 Qh2# 0-1

[Event "Junior Online 4NCL Division 5"]
[Site "online"]
[Date "2020.06.04"]
[Round "8.81"]
[White "Rajesh, Shradha"]
[Black "Valanju, Samit"]
[Result "0-1"]
[WhiteElo "1240"]
[BlackElo "1367"]
[PlyCount "98"]
[EventDate "2020.06.04"]
[WhiteTeam "Harrow Juniors E"]
[BlackTeam "May the Fork Be With You 2"]

1. c4 e6 2. Nc3 d5 3. g3 Nf6 4. cxd5 exd5 5. Bg2 Nc6 6. Nf3 Be7 7. O-O Be6 8.
d4 O-O 9. e3 Ne4 10. Nxe4 dxe4 11. Ne5 Nxe5 12. dxe5 Qxd1 13. Rxd1 Bg4 14. Rd4
f5 15. b3 Rad8 16. Bb2 Rxd4 17. Bxd4 c5 18. Bc3 b5 19. Bf1 b4 20. Bc4+ Kh8 21.
Bb2 Bf3 22. e6 a5 23. Kf1 h6 24. Be2 Bxe2+ 25. Kxe2 Bf6 26. Bxf6 Rxf6 27. Rd1
Rf8 28. Rd5 Re8 29. Rxc5 Rxe6 30. Rxa5 g6 31. Rb5 Rc6 32. Rb8+ Kg7 33. Rb7+ Kf6
34. Rd7 Rc2+ 35. Rd2 Rc6 36. Kd1 Kg5 37. h4+ Kg4 38. Ke1 Kf3 39. Rd1 Rc2 40.
Rd2 Rxd2 41. Kxd2 Kxf2 42. Kc2 Kxe3 43. a3 bxa3 44. Kb1 Kd4 45. Ka2 Kc5 46.
Kxa3 e3 47. b4+ Kb5 48. Kb3 e2 49. Kc2 e1=Q 0-1